|
|
|
|
| LEADER |
00000cam a22000004a 4500 |
| 001 |
musev2_77650 |
| 003 |
MdBmJHUP |
| 005 |
20230905052019.0 |
| 006 |
m o d |
| 007 |
cr||||||||nn|n |
| 008 |
840201s1984 miu o 00 0 eng d |
| 010 |
|
|
|z 84003159
|
| 020 |
|
|
|a 9780472901999
|
| 020 |
|
|
|z 9780939512171
|
| 020 |
|
|
|z 9780472128044
|
| 035 |
|
|
|a (OCoLC)1184509304
|
| 040 |
|
|
|a MdBmJHUP
|c MdBmJHUP
|
| 043 |
|
|
|a a-ja---
|
| 050 |
0 |
4 |
|a HN730.A34
|b M37 1984
|
| 082 |
0 |
|
|a 302.3/0952/16
|2 19
|
| 100 |
1 |
|
|a Marshall, Robert C.,
|d 1948-
|
| 245 |
1 |
0 |
|a Collective Decision Making in Rural Japan /
|c by Robert C. Marshall.
|
| 264 |
|
1 |
|a Ann Arbor :
|b Center for Japanese Studies, University of Michigan,
|c 1984.
|
| 264 |
|
3 |
|a Baltimore, Md. :
|b Project MUSE,
|c 2020
|
| 264 |
|
4 |
|c ©1984.
|
| 300 |
|
|
|a 1 online resource.
|
| 336 |
|
|
|a text
|b txt
|2 rdacontent
|
| 337 |
|
|
|a computer
|b c
|2 rdamedia
|
| 338 |
|
|
|a online resource
|b cr
|2 rdacarrier
|
| 504 |
|
|
|a Bibliography: p. 171-178.
|
| 506 |
0 |
|
|a Open Access
|f Unrestricted online access
|2 star
|
| 588 |
|
|
|a Description based on print version record.
|
| 651 |
|
0 |
|a Aichi-ken (Japan)
|x Rural conditions
|x Case studies.
|
| 650 |
|
0 |
|a Villages
|z Japan
|z Aichi-ken
|x Case studies.
|
| 650 |
|
0 |
|a Local government
|z Japan
|z Aichi-ken
|x Case studies.
|
| 650 |
|
0 |
|a Group decision-making
|z Japan
|z Aichi-ken
|x Case studies.
|
| 655 |
|
7 |
|a Electronic books.
|2 local
|
| 710 |
2 |
|
|a Project Muse.
|e distributor
|
| 830 |
|
0 |
|a Book collections on Project MUSE.
|
| 856 |
4 |
0 |
|z Texto completo
|u https://projectmuse.uam.elogim.com/book/77650/
|